00452nam a2200157Ia 4500008004100000020001400041082001500055100001700070245004200087250000800129260003800137300002900175500001900204600002100223650005000244240925s9999 xx 000 0 und d a735700109 a004.67 TES aAdamson, Jay 0aNetworking Essentials Test Prep MCSE  a2nd aIndianapolis:bNew Ridersc,1999. axlii1164p.bNAfOriginal aIncludes Index aComputer Science aComputer science, information & general works